UM Logo

Mobile seat plan ( capstone) / (Record no. 11418)

MARC details
000 -LEADER
fixed length control field 00605nam a22001697a 4500
008 - FIXED-LENGTH DATA ELEMENTS--GENERAL INFORMATION
fixed length control field 181129b ||||| |||| 00| 0 eng d
082 ## - DEWEY DECIMAL CLASSIFICATION NUMBER
Edition number 2016
Classification number UT 1048
Item number Al13
100 ## - MAIN ENTRY--PERSONAL NAME
Personal name Albacite, Henrick C.
9 (RLIN) 32739
245 ## - TITLE STATEMENT
Title Mobile seat plan ( capstone) /
Statement of responsibility, etc. Henrick C. Albacite, Joserito M. Mapa, Irish D. Divino
260 ## - PUBLICATION, DISTRIBUTION, ETC. (IMPRINT)
Place of publication, distribution, etc. Digos City :
Name of publisher, distributor, etc. UMDC,
Date of publication, distribution, etc. 2016.
300 ## - PHYSICAL DESCRIPTION
Extent 57 pages;
Other physical details 29 cm.
650 ## - SUBJECT ADDED ENTRY--TOPICAL TERM
Topical term or geographic name as entry element Technical Program
Form subdivision Information technology
General subdivision Undergraduate thesis.
9 (RLIN) 32740
700 ## - ADDED ENTRY--PERSONAL NAME
Personal name Alabcite, Henrick C.
9 (RLIN) 32741
700 ## - ADDED ENTRY--PERSONAL NAME
Personal name Mapa, Joserito M.
9 (RLIN) 32742
700 ## - ADDED ENTRY--PERSONAL NAME
Personal name Divino, Irish D.
9 (RLIN) 32743
942 ## - ADDED ENTRY ELEMENTS (KOHA)
Source of classification or shelving scheme Dewey Decimal Classification
Koha item type Undergraduate Thesis
Holdings
Withdrawn status Lost status Source of classification or shelving scheme Damaged status Not for loan Home library Current library Date acquired Total Checkouts Full call number Barcode Date last seen Price effective from Koha item type
    Dewey Decimal Classification     UM Digos College - LIC UM Digos College - LIC 11/28/2018   UT 1048 Al13 2016 1048 05/15/2025 11/29/2018 Undergraduate Thesis